000 00562nam a2200217 a 4500
001 BRCA_6150
005 20190320205342.0
008 050711s1800----fr-#######---#000-0#fre-#
041 _afre
044 _afr
050 4 _aPQ1803
_b.A6 1800
100 1 _aLa Bruyere, Jean de
_d1645-1696
_915505
245 1 0 _aLes caracteres de la Bruyere
260 _aParís
_bFlammarion
_c[18--?]
300 _a370 p.
_c18 cm.
500 _aI39
650 1 4 _aCaracteres y características
_915506
650 1 4 _aLiteratura francesa
_915507
902 _aGFM
942 _2lcc
_cB
999 _c5837
_d5837